01101nam a2200277 a 450000100100000000500170001000800410002702000150006804000250008304100380010808200190014610000320016524000410019724501220023826000700036030000210043049000130045153400510046465100480051565000310056365000370059470000390063183000190067095201170068999900170080600002350620260313093410.0101210s1991 sp r 000 | spa d a847088591x aDO-SdBNPbspacBNPHU aenghspa2Código de idioma MARC a320.973bL742p1 aLindblom, Charles E.94844610aThe policy making processlespañol13aEl proceso de elaboración de políticas públicas /cCharles E. Lindblom ; traducción de Eduardo Zapico Goñi. aMadrid :bMinisterio para las Administraciones Públicas,c1991. a160 p. ;c23 cm.1 aEstudios aTítulo original :tThe policy making process 4aEstados UnidosxPolítica Y Gobierno95436 0aCiencias políticas92426 4aPoder (ciencias sociales)9336421 aZapico Goñi, Eduardoetr.948447 0aEstudios93854 001050718MOaGRbGRcCTd2010-12-10iLF1l0o320.973 L742pp23506-10r2020-06-25w2020-06-25y1ZNo se presta c23002d23002